[Event "I Torneo Internacional Campus de Orense"]
[Site "Ourense"]
[Date "2014.07.08"]
[Round "3"]
[Board "9"]
[White "Santos Latasa, Jaime"]
[Black "Belsley, Alexandre"]
[Result "1-0"]
[WhiteElo "2449"]
[BlackElo "1973"]
[PlyCount "69"]
[EventDate "2014.07.07"]
[EventRounds "9"]
[EventCountry "ESP"]

1. e4 c6 2. Nc3 d5 3. Nf3 Bg4 4. h3 Bh5 5. exd5 cxd5 6. g4 Bg6 7. Bb5+ Nc6 8.
Ne5 Rc8 9. d4 e6 10. Qe2 Bb4 11. h4 Nge7 12. h5 Be4 13. f3 O-O 14. Nxc6 Nxc6
15. Be3 Qf6 16. fxe4 Nxd4 17. Bxd4 Qxd4 18. Rd1 Bxc3+ 19. bxc3 Qxc3+ 20. Kf1
Qxc2 21. Qxc2 Rxc2 22. exd5 exd5 23. a4 Rd8 24. Rh3 a6 25. Be2 b5 26. axb5 axb5
27. Rb3 Rc5 28. Bxb5 h6 29. Bd3 Rc6 30. Rb7 g6 31. Ke2 gxh5 32. gxh5 Rf6 33.
Rg1+ Kf8 34. Bh7 Re8+ 35. Kd1 1-0

[Event "I Torneo Internacional Campus de Orense"]
[Site "Ourense"]
[Date "2014.07.08"]
[Round "3"]
[Board "10"]
[White "Silva, Armando Sousa"]
[Black "Rivera, Daniel"]
[Result "0-1"]
[WhiteElo "1955"]
[BlackElo "2347"]
[PlyCount "66"]
[EventDate "2014.07.07"]
[EventRounds "9"]
[EventCountry "ESP"]

1. d4 e6 2. Nf3 f5 3. c4 Nf6 4. g3 d5 5. Bg2 c6 6. Qc2 Bd6 7. b3 O-O 8. O-O Qe7
9. Bb2 b6 10. Qc1 Bb7 11. Ba3 c5 12. Nbd2 Nbd7 13. e3 Rac8 14. Qd1 Ne4 15. Rc1
Rfd8 16. Bb2 Bb8 17. Qe2 Ba6 18. Rfd1 Nd6 19. Bf1 dxc4 20. bxc4 Nf7 21. Qd3 Bb7
22. Qb3 e5 23. dxe5 Ndxe5 24. Nxe5 Bxe5 25. Bg2 Bxb2 26. Qxb2 Bxg2 27. Kxg2 Ne5
28. Qc2 Qb7+ 29. f3 Rd3 30. e4 Rcd8 31. Nf1 fxe4 32. fxe4 Qxe4+ 33. Kg1 Qd4+
 0-1

[Event "I Torneo Internacional Campus de Orense"]
[Site "Ourense"]
[Date "2014.07.09"]
[Round "4"]
[Board "1"]
[White "Galego, Luis"]
[Black "Manolache, Marius"]
[Result "1/2-1/2"]
[WhiteElo "2457"]
[BlackElo "2478"]
[PlyCount "27"]
[EventDate "2014.07.07"]
[EventRounds "9"]
[EventCountry "ESP"]

1. d4 Nf6 2. Nf3 g6 3. Bg5 Bg7 4. Nbd2 d6 5. e4 h6 6. Bxf6 exf6 7. Bd3 Qe7 8.
O-O O-O 9. c3 c5 10. Nc4 Na6 11. Ne3 Nc7 12. dxc5 dxc5 13. Qc2 Bd7 14. Rfe1
 1/2-1/2

[Event "I Torneo Internacional Campus de Orense"]
[Site "Ourense"]
[Date "2014.07.09"]
[Round "4"]
[Board "2"]
[White "Garcia Castro, Pablo"]
[Black "Martinez Duany, Lelys Stanley"]
[Result "1/2-1/2"]
[WhiteElo "2357"]
[BlackElo "2469"]
[PlyCount "68"]
[EventDate "2014.07.07"]
[EventRounds "9"]
[EventCountry "ESP"]

1. g3 e5 2. Bg2 Nc6 3. d3 f5 4. c4 Nf6 5. Nc3 Bb4 6. Qd2 O-O 7. a3 Be7 8. e3 f4
9. Nd5 fxe3 10. fxe3 Ng4 11. Nf3 e4 12. dxe4 Nce5 13. O-O c6 14. Nxe5 Rxf1+ 15.
Kxf1 Nxe5 16. Nxe7+ Qxe7 17. b3 Nxc4 18. Qd4 Ne5 19. Bb2 d6 20. Kg1 c5 21. Qd2
Be6 22. Rd1 Bxb3 23. Qxd6 Qxd6 24. Rxd6 Nc4 25. Rd3 Ba4 26. Ba1 Bc6 27. e5 Bxg2
28. Kxg2 b5 29. Kf3 Kf7 30. Rd7+ Ke6 31. Rc7 Nd2+ 32. Kf2 Nb3 33. Rc6+ Ke7 34.
Rc7+ Ke6 {(ILEGIBLE)} 1/2-1/2

[Event "I Torneo Internacional Campus de Orense"]
[Site "Ourense"]
[Date "2014.07.09"]
[Round "4"]
[Board "3"]
[White "Rivera, Daniel"]
[Black "Strikovic, Aleksa"]
[Result "1-0"]
[WhiteElo "2347"]
[BlackElo "2542"]
[PlyCount "81"]
[EventDate "2014.07.07"]
[EventRounds "9"]
[EventCountry "ESP"]

1. e4 d6 2. d4 Nf6 3. Nc3 e5 4. Nf3 Nbd7 5. Bc4 exd4 6. Nxd4 Nb6 7. Be2 Be7 8.
O-O O-O 9. a4 a5 10. f4 c6 11. Bf3 Re8 12. b3 Bf8 13. Ba3 d5 14. Bxf8 dxe4 15.
Bc5 exf3 16. Nxf3 Nbd5 17. Nxd5 Nxd5 18. Ne5 b6 19. Ba3 c5 20. Qf3 Nc7 21. Rad1
Qf6 22. Nc4 Bf5 23. Bb2 Qe7 24. Qg3 f6 25. Nd6 Bxc2 26. Nxe8 Rxe8 27. Rfe1 Qf7
28. Rxe8+ Nxe8 29. Rd8 Kf8 30. Rb8 Bxb3 31. Rxb6 Bxa4 32. Qa3 Qc7 33. Bd4 Qxf4
34. Qxc5+ Kf7 35. Qc4+ Kg6 36. Qxa4 Qc1+ 37. Kf2 Qd2+ 38. Kf1 Qf4+ 39. Ke1 Nd6
40. Qc2+ Kf7 41. Qb3+ 1-0

[Event "I Torneo Internacional Campus de Orense"]
[Site "Ourense"]
[Date "2014.07.09"]
[Round "4"]
[Board "4"]
[White "Paunovic, Dragan"]
[Black "Ferreira, Jorge Viterbo"]
[Result "1/2-1/2"]
[WhiteElo "2478"]
[BlackElo "2404"]
[PlyCount "32"]
[EventDate "2014.07.07"]
[EventRounds "9"]
[EventCountry "ESP"]

1. d4 Nf6 2. c4 e6 3. Nc3 d5 4. Bg5 Be7 5. e3 h6 6. Bxf6 Bxf6 7. cxd5 exd5 8.
Bd3 O-O 9. Nge2 Re8 10. O-O c6 11. Qc2 Nd7 12. Nf4 Nf8 13. a3 Be7 14. b4 Bd6
15. Nfe2 a6 16. Na4 Qg5 1/2-1/2

[Event "I Torneo Internacional Campus de Orense"]
[Site "Ourense"]
[Date "2014.07.09"]
[Round "4"]
[Board "5"]
[White "Starostits, Ilmars"]
[Black "Vassallo Barroche, Mauricio"]
[Result "1/2-1/2"]
[WhiteElo "2475"]
[BlackElo "2404"]
[PlyCount "32"]
[EventDate "2014.07.07"]
[EventRounds "9"]
[EventCountry "ESP"]

1. d4 Nf6 2. c4 e6 3. Nc3 d5 4. Bg5 Be7 5. e3 h6 6. Bxf6 Bxf6 7. cxd5 exd5 8.
Bd3 O-O 9. Nge2 Re8 10. O-O c6 11. Qc2 Nd7 12. Nf4 Nf8 13. a3 Be7 14. b4 Bd6
15. Nfe2 a6 16. Na4 Qf6 1/2-1/2

[Event "I Torneo Internacional Campus de Orense"]
[Site "Ourense"]
[Date "2014.07.09"]
[Round "4"]
[Board "6"]
[White "Hoffman, Alejandro"]
[Black "Sande Edreira, Jose Antonio"]
[Result "1-0"]
[WhiteElo "2450"]
[BlackElo "2304"]
[PlyCount "60"]
[EventDate "2014.07.07"]
[EventRounds "9"]
[EventCountry "ESP"]

1. Nf3 g6 2. e4 c5 3. c3 Bg7 4. d4 cxd4 5. cxd4 d5 6. e5 Nh6 7. h3 O-O 8. Nc3
Nc6 9. Bb5 f6 10. exf6 exf6 11. O-O Be6 12. Bxc6 bxc6 13. Na4 Nf5 14. Re1 Bf7
15. Qc2 Qd6 16. Bd2 Rfe8 17. Nc5 Rad8 18. Rxe8+ Rxe8 19. Rc1 h5 20. Nb7 Qc7 21.
Na5 Rc8 22. b4 Be8 23. Re1 Qd7 24. Nb3 Bf8 25. Bc3 Bd6 26. Nc5 Qh7 27. Re6 Qf7
28. Qe2 Bf8 29. Qe1 Ng7 30. Re2 Bxc5 {(ILEGIBLE)} 1-0

[Event "I Torneo Internacional Campus de Orense"]
[Site "Ourense"]
[Date "2014.07.09"]
[Round "4"]
[Board "7"]
[White "Forgas Moreno, Yaniela"]
[Black "Santos Latasa, Jaime"]
[Result "0-1"]
[WhiteElo "2194"]
[BlackElo "2449"]
[PlyCount "71"]
[EventDate "2014.07.07"]
[EventRounds "9"]
[EventCountry "ESP"]

1. e4 e6 2. d4 d5 3. Nc3 Nf6 4. e5 Nfd7 5. Nce2 c5 6. c3 Nc6 7. f4 Qb6 8. Nf3
f6 9. g3 cxd4 10. cxd4 Bb4+ 11. Nc3 fxe5 12. fxe5 O-O 13. a3 Rxf3 14. Qxf3 Nxd4
15. Qd1 Bxc3+ 16. bxc3 Nc6 17. Bh3 Ndxe5 18. Qe2 Qc5 19. Qe3 d4 20. cxd4 Nxd4
21. O-O Bd7 22. Rd1 Bc6 23. Bxe6+ Nxe6 24. Qxc5 Nxc5 25. Be3 Ncd3 26. h3 Rf8
27. Ra2 Nf3+ 28. Kh1 a6 29. Bb6 h5 30. a4 g5 31. a5 g4 32. hxg4 hxg4 33. Ra3
Nd4+ 34. Kg1 Ne2+ 35. Kh2 Rf5 36. Bd8 0-1

[Event "I Torneo Internacional Campus de Orense"]
[Site "Ourense"]
[Date "2014.07.09"]
[Round "4"]
[Board "8"]
[White "Larino Nieto, David"]
[Black "Padeiro, Jose"]
[Result "1/2-1/2"]
[WhiteElo "2459"]
[BlackElo "2349"]
[PlyCount "111"]
[EventDate "2014.07.07"]
[EventRounds "9"]
[EventCountry "ESP"]

1. Nf3 d5 2. b3 Bg4 3. Ne5 Bf5 4. g4 Bc8 5. h3 f6 6. Nd3 e5 7. Bg2 c6 8. c4 Be6
9. Qc2 Na6 10. Bb2 Bd6 11. e4 dxc4 12. bxc4 Ne7 13. f4 exf4 14. e5 fxe5 15.
Nxe5 Nb4 16. Qc3 Bxe5 17. Qxb4 Bxb2 18. Qxb2 O-O 19. Be4 Bxc4 20. Qc2 Qd4 21.
Nc3 Ng6 22. O-O-O Bd5 23. d3 Bxe4 24. Nxe4 Rfd8 25. Qb3+ Qd5 26. Kc2 Qxb3+ 27.
axb3 Rd5 28. d4 Rad8 29. Kc3 b6 30. Rd2 Ne7 31. Ra1 R5d7 32. b4 Nd5+ 33. Kb3
Nxb4 34. Kxb4 Rxd4+ 35. Kc3 Rxd2 36. Nxd2 Rd7 37. Ra4 Re7 38. h4 Re3+ 39. Kc2
a5 40. Rxf4 b5 41. Nb3 a4 42. Nd4 Re8 43. Kc3 h6 44. h5 a3 45. Rf1 Ra8 46. Kb3
a2 47. Kb2 c5 48. Nc2 Ra4 49. Rf5 Rxg4 50. Rxc5 Rg5 51. Rxg5 hxg5 52. Ne3 Kf7
53. Kxa2 Ke6 54. Kb3 Ke5 55. Ng4+ Kf4 56. h6 1/2-1/2

[Event "I Torneo Internacional Campus de Orense"]
[Site "Ourense"]
[Date "2014.07.09"]
[Round "4"]
[Board "9"]
[White "Guerra Bastida, Diego"]
[Black "Fernandez Saavedra, Jose Luis"]
[Result "1-0"]
[WhiteElo "2378"]
[BlackElo "2121"]
[PlyCount "117"]
[EventDate "2014.07.07"]
[EventRounds "9"]
[EventCountry "ESP"]

1. c4 Nf6 2. Nf3 e6 3. Nc3 Bb4 4. d4 d5 5. Qa4+ Nc6 6. e3 Ne4 7. Qc2 f5 8. a3
Be7 9. Bd3 O-O 10. O-O Bf6 11. cxd5 exd5 12. Nxd5 Nd6 13. b4 Be6 14. Nc3 Ne7
15. e4 fxe4 16. Nxe4 Bf5 17. Neg5 Qd7 18. Nxh7 Kxh7 19. g4 Bxd3 20. Qxd3+ Kg8
21. g5 Nd5 22. gxf6 Qg4+ 23. Kh1 Rxf6 24. Ne5 Qh4 25. Qg3 Qxg3 26. hxg3 Nf5 27.
Kg2 c6 28. Rd1 Rd8 29. Bg5 Rfd6 30. Bxd8 Rxd8 31. Re1 Nxd4 32. Re4 Nc2 33. Rh1
Nxa3 34. Reh4 Kf8 35. Rh8+ Ke7 36. Rxd8 Kxd8 37. Rh7 Ke7 38. Nd3 Kf6 39. Rh8
Nc2 40. Rf8+ Ke7 41. Rb8 b6 42. Rb7+ Kf6 43. Rxa7 Ncxb4 44. Nxb4 Nxb4 45. Kf3
b5 46. Ke4 Nd5 47. Kd4 g5 48. Kc5 Ne7 49. Ra1 Kf5 50. Re1 Ng6 51. Kxc6 b4 52.
Rb1 Ne5+ 53. Kd5 Nd3 54. Kd4 Nxf2 55. Rf1 Kg4 56. Rxf2 Kxg3 57. Rb2 g4 58. Ke3
b3 59. Rxb3 1-0

[Event "I Torneo Internacional Campus de Orense"]
[Site "Ourense"]
[Date "2014.07.09"]
[Round "4"]
[Board "10"]
[White "Ivanov, Jordan"]
[Black "Blanco Sanchez, Jose Fernando"]
[Result "1-0"]
[WhiteElo "2355"]
[BlackElo "2054"]
[PlyCount "51"]
[EventDate "2014.07.07"]
[EventRounds "9"]
[EventCountry "ESP"]

1. d4 Nf6 2. c4 e5 3. dxe5 Ne4 4. Nd2 Bb4 5. a3 Bxd2+ 6. Bxd2 Nc6 7. Nf3 Qe7 8.
Bf4 g5 9. Qc2 gxf4 10. Qxe4 d6 11. Qxf4 dxe5 12. Qh4 Qxh4 13. Nxh4 Be6 14. e3
a5 15. Bd3 a4 16. Rc1 Na5 17. Ke2 O-O 18. Nf3 f6 19. Nd2 c5 20. Rc3 Rfd8 21.
Ne4 b5 22. cxb5 Rxd3 23. Kxd3 Rd8+ 24. Kc2 Bb3+ 25. Kc1 c4 26. Nxf6+ 1-0

[Event "I Torneo Internacional Campus de Orense"]
[Site "Ourense"]
[Date "2014.07.10"]
[Round "5"]
[Board "1"]
[White "Manolache, Marius"]
[Black "Hoffman, Alejandro"]
[Result "0-1"]
[WhiteElo "2478"]
[BlackElo "2450"]
[PlyCount "186"]
[EventDate "2014.07.07"]
[EventRounds "9"]
[EventCountry "ESP"]

1. d4 d6 2. Nf3 Nf6 3. c4 Nbd7 4. Nc3 e5 5. g3 Be7 6. Bg2 O-O 7. O-O c6 8. Qc2
Qc7 9. b3 Re8 10. h3 Bf8 11. e4 b6 12. Rd1 Bb7 13. a4 exd4 14. Nxd4 a5 15. Nf5
Nc5 16. Bf4 Re6 17. g4 Nfd7 18. Bg3 g6 19. Nd4 Ree8 20. Rd2 Na6 21. Rad1 Nb4
22. Qb1 Nc5 23. Nc2 Nxc2 24. Qxc2 Rad8 25. Ne2 Rd7 26. Nc1 Rdd8 27. Ne2 Rd7 28.
Kh2 Rdd8 29. Nc1 Ba8 30. Kg1 Bb7 31. f3 Ne6 32. Ne2 Nc5 33. Kh2 Ba8 34. Nc1 Ne6
35. h4 Bb7 36. Ne2 Nc5 37. Ng1 Bc8 38. Nh3 Ne6 39. g5 Nc5 40. Nf2 Nb7 41. Bh3
h5 42. gxh6 Bxh6 43. Bxc8 Qxc8 44. Ng4 Bg7 45. Rf2 Qe6 46. Rfd2 f5 47. Nf2 Bh6
48. exf5 gxf5 49. Nh3 Bxd2 50. Rxd2 Rd7 51. Nf4 Qh6 52. Qxf5 Rf7 53. Qg5+ Qxg5
54. hxg5 Re3 55. Kg2 Rxb3 56. Re2 Nc5 57. g6 Rf5 58. Re8+ Kg7 59. Re7+ Kg8 60.
Re8+ Kg7 61. Re7+ Kg8 62. Kh3 Re5 63. Rc7 Ne6 64. Rc8+ Kg7 65. Kg4 Nxf4 66.
Bxf4 Re6 67. Bg5 Kxg6 68. f4 Re4 69. Rxc6 Rd3 70. Rc8 Rdd4 71. Rg8+ Kf7 72. Rd8
Re8 73. Rd7+ Kg6 74. Be7 Rc8 75. Bg5 Rcxc4 76. Rb7 Rxa4 77. Rxb6 Rab4 78. Ra6
a4 79. Ra8 Rb5 80. Rg8+ Kf7 81. Ra8 Rc4 82. Ra7+ Kg6 83. Be7 Rd4 84. Ra6 Re5
85. Ra7 Rf5 86. Kg3 Rf7 87. Kf3 Rdxf4+ 88. Ke3 R4f5 89. Kd4 Re5 90. Bxd6 Rxa7
91. Bxe5 a3 92. Kc4 a2 93. Ba1 Rb7 0-1

[Event "I Torneo Internacional Campus de Orense"]
[Site "Ourense"]
[Date "2014.07.10"]
[Round "5"]
[Board "2"]
[White "Martinez Duany, Lelys Stanley"]
[Black "Rivera, Daniel"]
[Result "1-0"]
[WhiteElo "2469"]
[BlackElo "2347"]
[PlyCount "69"]
[EventDate "2014.07.07"]
[EventRounds "9"]
[EventCountry "ESP"]

1. d4 e6 2. e4 d5 3. Nc3 Nf6 4. e5 Nfd7 5. f4 c5 6. Nf3 Nc6 7. Be3 cxd4 8. Nxd4
Bc5 9. Qd2 a6 10. O-O-O Bxd4 11. Bxd4 O-O 12. Kb1 b5 13. Bf2 b4 14. Na4 Qc7 15.
Bd3 f6 16. exf6 Rxf6 17. Bh4 Rf7 18. Rhf1 Nf6 19. c4 bxc3 20. Qxc3 d4 21. Qc5
Rb8 22. Rde1 Bd7 23. f5 e5 24. Bc4 Be8 25. Bxf6 gxf6 26. Rf3 Kh8 27. Rg3 Qe7
28. Bxf7 Qxf7 29. Nb6 e4 30. Rg4 e3 31. Re4 Rd8 32. Nc4 Bd7 33. Nd6 Qf8 34. Qd5
Nb4 35. Nf7+ 1-0

[Event "I Torneo Internacional Campus de Orense"]
[Site "Ourense"]
[Date "2014.07.10"]
[Round "5"]
[Board "3"]
[White "Santos Latasa, Jaime"]
[Black "Galego, Luis"]
[Result "1/2-1/2"]
[WhiteElo "2449"]
[BlackElo "2457"]
[PlyCount "22"]
[EventDate "2014.07.07"]
[EventRounds "9"]
[EventCountry "ESP"]

1. d4 Nf6 2. c4 d6 3. Nf3 Bg4 4. Nc3 Bxf3 5. exf3 g6 6. g4 Bg7 7. Be3 Nfd7 8.
f4 c5 9. d5 Na6 10. Qd2 Qa5 11. Rc1 Nc7 1/2-1/2

[Event "I Torneo Internacional Campus de Orense"]
[Site "Ourense"]
[Date "2014.07.10"]
[Round "5"]
[Board "4"]
[White "Paunovic, Dragan"]
[Black "Garcia Castro, Pablo"]
[Result "1/2-1/2"]
[WhiteElo "2478"]
[BlackElo "2357"]
[PlyCount "20"]
[EventDate "2014.07.07"]
[EventRounds "9"]
[EventCountry "ESP"]

1. Nf3 g6 2. g3 Bg7 3. d4 c5 4. c3 cxd4 5. cxd4 d5 6. Nc3 Nc6 7. Bg2 Nh6 8.
Bxh6 Bxh6 9. O-O O-O 10. e3 e6 1/2-1/2

[Event "I Torneo Internacional Campus de Orense"]
[Site "Ourense"]
[Date "2014.07.10"]
[Round "5"]
[Board "5"]
[White "Padeiro, Jose"]
[Black "Starostits, Ilmars"]
[Result "0-1"]
[WhiteElo "2349"]
[BlackElo "2475"]
[PlyCount "68"]
[EventDate "2014.07.07"]
[EventRounds "9"]
[EventCountry "ESP"]

1. e4 c6 2. d4 d5 3. Nc3 dxe4 4. Nxe4 Bf5 5. Ng3 Bg6 6. h4 h6 7. Nf3 e6 8. h5
Bh7 9. Bd3 Bxd3 10. Qxd3 Nf6 11. Bd2 c5 12. Ne4 Nc6 13. Nxc5 Bxc5 14. dxc5 Qxd3
15. cxd3 O-O-O 16. Bc3 Rxd3 17. Bxf6 gxf6 18. Rh4 Rg8 19. Kf1 Ne5 20. Nxe5 fxe5
21. Rc1 Rd2 22. Rb4 Kc7 23. g4 Kc6 24. Ke1 Rd4 25. Rxd4 exd4 26. f3 f5 27. Rc4
Kd5 28. Rb4 fxg4 29. fxg4 Rg7 30. Rb5 Kc6 31. Ra5 a6 32. b4 Rxg4 33. a4 Rg1+
34. Kd2 Rb1 0-1

[Event "I Torneo Internacional Campus de Orense"]
[Site "Ourense"]
[Date "2014.07.10"]
[Round "5"]
[Board "6"]
[White "Vassallo Barroche, Mauricio"]
[Black "Rodriguez Lopez, Rafael"]
[Result "1-0"]
[WhiteElo "2404"]
[BlackElo "2259"]
[PlyCount "147"]
[EventDate "2014.07.07"]
[EventRounds "9"]
[EventCountry "ESP"]

1. Nf3 Nf6 2. d4 g6 3. g3 Bg7 4. Bg2 O-O 5. O-O d6 6. Nc3 Nbd7 7. e4 e5 8. h3
c6 9. a4 b6 10. b3 Re8 11. dxe5 dxe5 12. Ba3 Bb7 13. Nd2 Ba6 14. Re1 Bf8 15.
Bxf8 Nxf8 16. Nf3 Qc7 17. Qc1 Kg7 18. Qb2 Rad8 19. Na2 Bb7 20. Nb4 c5 21. Nd5
Nxd5 22. exd5 f6 23. c4 a5 24. Nd2 Bc8 25. Ne4 Qf7 26. f4 exf4 27. gxf4 Bf5 28.
Ng3 Qd7 29. h4 h5 30. Rad1 Kf7 31. Qc3 Nh7 32. Kf2 Rxe1 33. Rxe1 Re8 34. Rxe8
Kxe8 35. Qe3+ Kf7 36. Ke1 Nf8 37. Kf2 Bc2 38. Be4 Bxe4 39. Qxe4 Qg4 40. f5 Qxe4
41. Nxe4 gxf5 42. Nd6+ Kg6 43. Nc8 Nd7 44. Ne7+ Kf7 45. Nxf5 Ne5 46. Ke3 Ng6
47. Ke4 Ke8 48. Ng7+ Ke7 49. Nf5+ Kd7 50. Kf3 Ne5+ 51. Kg3 Nd3 52. Ng7 Nc1 53.
Nxh5 Kc7 54. Nf4 Nxb3 55. h5 Nd2 56. d6+ Kxd6 57. h6 Ne4+ 58. Kg4 Ng5 59. Kf5
Ke7 60. Nd5+ Kf7 61. Nxf6 Nf3 62. Nd7 Nd4+ 63. Ke4 Kg6 64. Nxb6 Kxh6 65. Nd7
Ne2 66. Nxc5 Kg6 67. Ke3 Nc1 68. Kd2 Na2 69. Na6 Kf5 70. Kc2 Ke5 71. Kb2 Kd4
72. Kxa2 Kxc4 73. Ka3 Kc3 74. Nc5 1-0

[Event "I Torneo Internacional Campus de Orense"]
[Site "Ourense"]
[Date "2014.07.10"]
[Round "5"]
[Board "7"]
[White "Ferreira, Jorge Viterbo"]
[Black "Lorenzo Duran, Marcos"]
[Result "1/2-1/2"]
[WhiteElo "2404"]
[BlackElo "2149"]
[PlyCount "88"]
[EventDate "2014.07.07"]
[EventRounds "9"]
[EventCountry "ESP"]

1. d4 d5 2. Bf4 Nf6 3. e3 c5 4. Nc3 Bg4 5. f3 Bd7 6. dxc5 Qa5 7. Qd2 Qxc5 8.
O-O-O e6 9. e4 Bc6 10. Nge2 Be7 11. e5 Nfd7 12. Nd4 Qa5 13. h4 Na6 14. Kb1 Nac5
15. g4 Na4 16. Nxa4 Qxd2 17. Rxd2 Bxa4 18. g5 Rc8 19. h5 Nb8 20. Be3 Nc6 21. f4
Nxd4 22. Bxd4 Bc5 23. c3 h6 24. Bd3 Bxd4 25. cxd4 Ke7 26. Rg2 hxg5 27. Rxg5 g6
28. b3 Bd7 29. Kb2 Rh6 30. Be2 Rch8 31. Bf3 gxh5 32. Rhxh5 Rxh5 33. Bxh5 Kf8
34. Kc3 Be8 35. Be2 Rh2 36. Bd3 Rxa2 37. f5 exf5 38. Rxf5 Bd7 39. Rh5 Rg2 40.
Rh8+ Rg8 41. Rh1 Rg3 42. Kd2 Rg2+ 43. Kc3 Rg3 44. Kd2 Rg2+ 1/2-1/2

[Event "I Torneo Internacional Campus de Orense"]
[Site "Ourense"]
[Date "2014.07.10"]
[Round "5"]
[Board "8"]
[White "Varasa Paredes, Javier"]
[Black "Guerra Bastida, Diego"]
[Result "0-1"]
[WhiteElo "2138"]
[BlackElo "2378"]
[PlyCount "124"]
[EventDate "2014.07.07"]
[EventRounds "9"]
[EventCountry "ESP"]

1. Nf3 c5 2. e3 Nf6 3. d4 g6 4. Bd3 Bg7 5. O-O cxd4 6. exd4 d5 7. c3 O-O 8. Re1
Nc6 9. h3 Bf5 10. Bxf5 gxf5 11. Bf4 Ne4 12. Qc1 e6 13. Na3 Rc8 14. Qe3 a6 15.
Ng5 Ne7 16. Qf3 Ng6 17. Qh5 Nf6 18. Qf3 h6 19. Nxe6 fxe6 20. Rxe6 Nxf4 21. Qxf4
Ne4 22. h4 Qd7 23. Rb6 Rc6 24. Rb3 Qc7 25. Qxc7 Rxc7 26. Rd1 f4 27. Nc2 Bf6 28.
Nb4 Rd7 29. Nd3 Bxh4 30. f3 Nd6 31. Ne5 Rg7 32. Rb6 Nc4 33. Rxh6 Ne3 34. Rd2
Bg5 35. Rh5 Bf6 36. Nd3 Be7 37. Re2 Bd6 38. g4 Rh7 39. Reh2 Rxh5 40. Rxh5 Kg7
41. Rg5+ Kf6 42. Rh5 Kg6 43. Kf2 Re8 44. Kg1 b5 45. a3 a5 46. Rh2 Nc4 47. Rh5
Re3 48. b3 Rxd3 49. bxc4 bxc4 50. Rxd5 Bxa3 51. Rxa5 Rxc3 52. Kg2 Bc1 53. Ra6+
Kf7 54. Ra7+ Ke6 55. g5 Kf5 56. Ra5+ Kg6 57. Rc5 Be3 58. Kh3 Bxd4 59. Rd5 Rxf3+
60. Kg4 Rd3 61. Rd6+ Kf7 62. Kf5 f3 0-1

[Event "I Torneo Internacional Campus de Orense"]
[Site "Ourense"]
[Date "2014.07.10"]
[Round "5"]
[Board "9"]
[White "Porto Fuentes, Oscar"]
[Black "Ivanov, Jordan"]
[Result "1/2-1/2"]
[WhiteElo "1943"]
[BlackElo "2355"]
[PlyCount "111"]
[EventDate "2014.07.07"]
[EventRounds "9"]
[EventCountry "ESP"]

1. c4 e5 2. Nc3 Nc6 3. g3 g6 4. Bg2 Bg7 5. Nf3 d6 6. O-O Nf6 7. d3 O-O 8. h3 h6
9. Rb1 a5 10. a3 Be6 11. e4 Qd7 12. Kh2 Nh7 13. b4 axb4 14. axb4 f5 15. b5 Ne7
16. Nd5 fxe4 17. dxe4 g5 18. Ng1 Ng6 19. Be3 g4 20. h4 h5 21. Ne2 b6 22. Qd3
Nf6 23. Nec3 Ra3 24. Bc1 Ra7 25. Nb4 Qf7 26. Ncd5 Nd7 27. Be3 Nc5 28. Bxc5 dxc5
29. Nc6 Ra2 30. Ra1 Rxa1 31. Rxa1 Qxf2 32. Rf1 Qa2 33. Rxf8+ Bxf8 34. Nd8 Bc8
35. Nxc7 Qf2 36. Qf1 Qxf1 37. Bxf1 Be7 38. Nc6 Kf7 39. Nd5 Ke6 40. Nxb6 Bb7 41.
Nxe7 Nxe7 42. Bd3 Nc8 43. Nd5 Nd6 44. Kg2 Bxd5 45. exd5+ Kf6 46. Kf2 e4 47. Be2
Ke5 48. Ke3 Nf5+ 49. Kf2 e3+ 50. Kg2 Kd4 51. b6 Nd6 52. Kf1 Kc3 53. Ke1 Kd4 54.
Kd1 Kc3 55. Kc1 Kb3 56. Kd1 1/2-1/2

[Event "I Torneo Internacional Campus de Orense"]
[Site "Ourense"]
[Date "2014.07.10"]
[Round "5"]
[Board "10"]
[White "Strikovic, Aleksa"]
[Black "Medarde Santiago, Luis Marcos"]
[Result "1-0"]
[WhiteElo "2542"]
[BlackElo "2160"]
[PlyCount "95"]
[EventDate "2014.07.07"]
[EventRounds "9"]
[EventCountry "ESP"]

1. c4 e5 2. g3 Nf6 3. Bg2 c6 4. d4 Bb4+ 5. Bd2 Bxd2+ 6. Qxd2 d6 7. Nc3 O-O 8.
e3 Be6 9. d5 cxd5 10. cxd5 Bd7 11. Nge2 b5 12. a3 a5 13. Na2 Qb6 14. O-O Na6
15. b4 axb4 16. axb4 Rfc8 17. Rfc1 Rxc1+ 18. Rxc1 Nc7 19. Nac3 Bc8 20. h3 Bb7
21. g4 h6 22. Ng3 g6 23. e4 Kh7 24. Bf1 Bc8 25. Kg2 Bd7 26. f4 Re8 27. g5 Ng8
28. h4 exf4 29. Qxf4 Re7 30. Nce2 hxg5 31. hxg5 Na6 32. Qd2 Re5 33. Nd4 Qd8 34.
Nf3 Re8 35. Ra1 Qb6 36. Qb2 Bg4 37. Nh2 Bd7 38. Be2 f6 39. gxf6 Rf8 40. f7 Rxf7
41. Nf3 Rf6 42. e5 dxe5 43. Ne4 Rf4 44. Rh1+ Kg7 45. Qxe5+ Rf6 46. Nfg5 Kf8 47.
Nxf6 Nxf6 48. Nh7+ 1-0

[Event "I Torneo Internacional Campus de Orense"]
[Site "Ourense"]
[Date "2014.07.10"]
[Round "6"]
[Board "2"]
[White "Starostits, Ilmars"]
[Black "Garcia Castro, Pablo"]
[Result "1-0"]
[WhiteElo "2475"]
[BlackElo "2357"]
[PlyCount "41"]
[EventDate "2014.07.07"]
[EventRounds "9"]
[EventCountry "ESP"]

1. d4 Nf6 2. Nf3 e6 3. e3 d5 4. Bd3 Be7 5. O-O O-O 6. b3 b6 7. Bb2 Bb7 8. c4
Ne4 9. Qc2 Nd7 10. Nc3 f5 11. cxd5 exd5 12. Ne5 c6 13. Ne2 Rc8 14. f3 Nd6 15.
Nf4 Qe8 16. g4 c5 17. Qg2 c4 18. Bc2 Bf6 19. Nxd7 Qxe3+ 20. Qf2 Qxf4 21. Nxf6+
 1-0

[Event "I Torneo Internacional Campus de Orense"]
[Site "Ourense"]
[Date "2014.07.10"]
[Round "6"]
[Board "4"]
[White "Guerra Bastida, Diego"]
[Black "Santos Latasa, Jaime"]
[Result "1/2-1/2"]
[WhiteElo "2378"]
[BlackElo "2449"]
[PlyCount "35"]
[EventDate "2014.07.07"]
[EventRounds "9"]
[EventCountry "ESP"]

1. c4 e6 2. Nc3 Nf6 3. d4 Bb4 4. e3 d5 5. Nf3 O-O 6. Bd3 c5 7. O-O cxd4 8. exd4
dxc4 9. Bxc4 b6 10. Bg5 Bb7 11. Rc1 Nbd7 12. Qe2 h6 13. Bh4 Bxc3 14. Rxc3 Qe8
15. Ne5 Nxe5 16. Qxe5 Ne4 17. Rcc1 Qb8 18. Bd3 1/2-1/2

[Event "I Torneo Internacional Campus de Orense"]
[Site "Ourense"]
[Date "2014.07.10"]
[Round "6"]
[Board "5"]
[White "Fernandez Borrego, Pablo"]
[Black "Strikovic, Aleksa"]
[Result "0-1"]
[WhiteElo "2341"]
[BlackElo "2542"]
[PlyCount "94"]
[EventDate "2014.07.07"]
[EventRounds "9"]
[EventCountry "ESP"]

1. Nf3 d5 2. c4 dxc4 3. Qa4+ Nd7 4. Qxc4 Ngf6 5. d4 e6 6. g3 a6 7. Bg2 b5 8.
Qc2 Bb7 9. O-O c5 10. Nc3 Rc8 11. dxc5 Bxc5 12. a3 O-O 13. Bg5 h6 14. Bxf6 Nxf6
15. Ne5 Bxg2 16. Kxg2 Bd4 17. Rad1 Qb6 18. Nf3 Bxc3 19. bxc3 Qa5 20. a4 Rxc3
21. Qd2 b4 22. Qd6 Rfc8 23. Rd4 b3 24. Rb1 Nd5 25. Qe5 Qb6 26. Rg4 f6 27. Qh5
f5 28. Rg6 Ne7 29. Qxh6 Nxg6 30. Qxg6 Qc6 31. h4 Rf8 32. h5 Rf6 33. Qg5 Kh7 34.
Qf4 Rh6 35. Qh4 Qd5 36. Qb4 Rc2 37. Qxb3 Qxb3 38. Ng5+ Kg8 39. Rxb3 Kf8 40. Kf3
Ke7 41. g4 Kf6 42. Nh3 g5 43. Rb6 Rc4 44. e4 Rxe4 45. gxf5 Kxf5 46. Nxg5 Rf4+
47. Ke3 Kxg5 0-1